[Event "13. Lichtenberger Sommer"]
[Site "?"]
[Date "2014.08.17"]
[Round "2.49"]
[White "Boeck, Rüdiger"]
[Black "Vogel, Robert"]
[Result "0-1"]
[WhiteElo "1815"]
[BlackElo "2262"]
[PlyCount "84"]
[EventDate "2014.??.??"]
[WhiteTeam "SC Weiße Dame Ulm e.V."]
[BlackTeam "SG Pang-Rosenheim 1910 e.V."]

1. e4 g6 2. d4 Bg7 3. Nf3 d6 4. Bf4 Bg4 5. Be2 Nc6 6. c3 e5 7. dxe5 dxe5 8. Be3
Nge7 9. Qb3 O-O 10. Nbd2 b6 11. Rd1 h6 12. a3 Qc8 13. O-O Kh7 14. Rfe1 f5 15.
exf5 gxf5 16. Nf1 Kh8 17. Bc1 Bh5 18. Ng3 Bf7 19. Qc2 Qe8 20. Nh4 Be6 21. Nh5
Qf7 22. Rd3 f4 23. Nxg7 Qxg7 24. Bf3 Rae8 25. Rdd1 Nd8 26. Qe4 Nf5 27. Nxf5
Bxf5 28. Qa4 Ne6 29. Rd5 Nc5 30. Qb5 Bd7 31. Qe2 e4 32. Rxd7 exf3 33. Rxg7 fxe2
34. Rxc7 Nd3 35. Bd2 f3 36. c4 Kg8 37. Bc3 Rf7 38. Rc6 Nxe1 39. Rxh6 Rg7 40.
Bxe1 Rxg2+ 41. Kh1 Rg4 42. b3 Rd8 0-1

[Event "13. Lichtenberger Sommer"]
[Site "?"]
[Date "2014.08.17"]
[Round "2.50"]
[White "Lübke, Thomas"]
[Black "Plump, Detlef"]
[Result "1/2-1/2"]
[WhiteElo "1936"]
[BlackElo "2228"]
[PlyCount "38"]
[EventDate "2014.??.??"]
[WhiteTeam "FVS ASP Hoyerswerda"]

1. Nf3 c5 2. g3 b5 3. Bg2 Bb7 4. d3 d5 5. O-O Nf6 6. Ne5 Nbd7 7. Bf4 e6 8. c4
Nxe5 9. Bxe5 Nd7 10. Bf4 b4 11. d4 cxd4 12. Qxd4 Qb6 13. Qxb6 Nxb6 14. cxd5
Nxd5 15. a3 a5 16. Nd2 Ra7 17. Bb8 Ra8 18. Bf4 Ra7 19. Bb8 Ra8 1/2-1/2

[Event "13. Lichtenberger Sommer"]
[Site "?"]
[Date "2014.08.17"]
[Round "2.51"]
[White "Wiebe, Patrick"]
[Black "Schröter, Maik"]
[Result "1-0"]
[WhiteElo "2176"]
[BlackElo "1854"]
[PlyCount "65"]
[EventDate "2014.??.??"]
[WhiteTeam "SK Nordhorn-Blanke"]
[BlackTeam "SG Blau-Weiß Stadtilm"]

1. c4 b6 2. Nc3 e6 3. e4 Bb7 4. Nge2 Nf6 5. d3 Bc5 6. h3 d5 7. cxd5 exd5 8. e5
Nfd7 9. d4 Bb4 10. a3 Bxc3+ 11. bxc3 Ba6 12. Nf4 Bxf1 13. Kxf1 c6 14. Qg4 O-O
15. Nh5 g6 16. Bh6 f5 17. Qg3 Re8 18. Re1 Kf7 19. Ng7 Nf8 20. Nxe8 Qxe8 21.
Bxf8 Kxf8 22. e6 Qe7 23. h4 Na6 24. h5 g5 25. f4 Nc7 26. fxg5 Nxe6 27. Qe5 Re8
28. Qh8+ Kf7 29. Qxh7+ Kf8 30. Qh6+ Kg8 31. Qg6+ Kh8 32. h6 c5 33. Rxe6 1-0

[Event "13. Lichtenberger Sommer"]
[Site "?"]
[Date "2014.08.17"]
[Round "2.52"]
[White "Nötzel, Felix"]
[Black "Lieder, Günter"]
[Result "1/2-1/2"]
[WhiteElo "2113"]
[BlackElo "1864"]
[PlyCount "77"]
[EventDate "2014.??.??"]
[WhiteTeam "Sfrd. Berlin 1903 e.V."]
[BlackTeam "SK Turm Bad Hersfeld"]

1. e4 c5 2. d4 cxd4 3. c3 d3 4. Bxd3 d6 5. h3 e6 6. Nf3 Be7 7. O-O Nf6 8. Bf4
Nc6 9. Nbd2 h6 10. Qe2 O-O 11. Rfd1 e5 12. Be3 Ne8 13. Nc4 Qc7 14. a4 f5 15.
Na3 f4 16. Bc4+ Kh7 17. Bc1 g5 18. Nh2 Nf6 19. Nb5 Qb8 20. b3 a6 21. Na3 Qc7
22. Bb2 Bd7 23. b4 Na7 24. Bb3 Qc8 25. Nc4 Qc7 26. Nd2 Qc8 27. Rac1 g4 28. hxg4
Bxg4 29. Nxg4 Nxg4 30. Nc4 Bh4 31. Nxd6 Bxf2+ 32. Kh1 f3 33. gxf3 Qd8 34. Nf5
Rxf5 35. Rxd8 Rh5+ 36. Kg2 Rh2+ 37. Kf1 Rh1+ 38. Kg2 Rh2+ 39. Kf1 1/2-1/2

[Event "13. Lichtenberger Sommer"]
[Site "?"]
[Date "2014.08.17"]
[Round "2.53"]
[White "Wolff, Marie Antoinette"]
[Black "Jaeschke, Jens-Uwe"]
[Result "0-1"]
[WhiteElo "1707"]
[BlackElo "2130"]
[PlyCount "60"]
[EventDate "2014.??.??"]
[WhiteTeam "Leegebrucher Schachfreunde"]
[BlackTeam "Sfr.Nord-Ost Berlin"]

1. c4 f5 2. Nc3 Nf6 3. Nf3 d6 4. d4 g6 5. g3 Bg7 6. Bg2 O-O 7. O-O Qe8 8. b4 e5
9. Bb2 Nc6 10. Nb5 Qe7 11. a3 e4 12. Nd2 a6 13. d5 axb5 14. dxc6 bxc6 15. Rc1
Ba6 16. Qb3 Qf7 17. Qc2 Ng4 18. Bxg7 Qxg7 19. h3 Ne5 20. cxb5 Bxb5 21. Qa2+ Qf7
22. Nb3 Bxe2 23. Qxe2 Qxb3 24. f4 exf3 25. Bxf3 Rxa3 26. Bxc6 Nxc6 27. Rxc6
Qxg3+ 28. Qg2 Rf7 29. Rfc1 Qxh3 30. Rxc7 Rg3 0-1

[Event "13. Lichtenberger Sommer"]
[Site "?"]
[Date "2014.08.17"]
[Round "2.54"]
[White "Keil, Uwe"]
[Black "Exner, Roland"]
[Result "1-0"]
[WhiteElo "2132"]
[BlackElo "1908"]
[PlyCount "25"]
[EventDate "2014.??.??"]
[WhiteTeam "SC Friesen Lichtenberg e.V."]
[BlackTeam "SV Berolina Mitte e.V."]

1. e4 e6 2. d4 d5 3. Nc3 Bb4 4. e5 Ne7 5. Bd3 c5 6. a3 Bxc3+ 7. bxc3 Nbc6 8.
Nf3 Bd7 9. O-O Qa5 10. dxc5 O-O-O 11. Rb1 Qxc3 12. Rb5 Nxe5 13. Bb2 1-0

[Event "13. Lichtenberger Sommer"]
[Site "?"]
[Date "2014.08.17"]
[Round "2.55"]
[White "Jacob, Karl"]
[Black "Guenther, Thomas"]
[Result "0-1"]
[WhiteElo "1697"]
[BlackElo "2089"]
[PlyCount "128"]
[EventDate "2014.??.??"]
[WhiteTeam "Schachfreunde Hettstedt"]
[BlackTeam "SV Senat"]

1. Nf3 Nf6 2. d4 e6 3. Bf4 d5 4. e3 Be7 5. Bd3 b6 6. c3 O-O 7. Nbd2 Bb7 8. Qc2
Nbd7 9. Ne5 h6 10. Ndf3 c5 11. g4 Nxe5 12. Nxe5 c4 13. Be2 Ne4 14. f3 Bh4+ 15.
Bg3 Nxg3 16. hxg3 Bxg3+ 17. Kd2 Bxe5 18. dxe5 f5 19. Rh5 Bc6 20. gxf5 Be8 21.
Rh2 exf5 22. f4 b5 23. Rg1 Qb6 24. Bh5 Kh7 25. Bxe8 Raxe8 26. Rhg2 Rf7 27. Rg6
Qxg6 28. Rxg6 Kxg6 29. Kc1 Kh7 30. Qg2 Rd7 31. Qh3 g6 32. Qh4 Re6 33. Kc2 a5
34. a3 Rb6 35. b3 cxb3+ 36. Kxb3 Rc6 37. a4 bxa4+ 38. Kxa4 Rc4+ 39. Kb5 Rcc7
40. Kxa5 Rxc3 41. e6 Rg7 42. e7 Rxe3 43. Qh1 Rgxe7 44. Qxd5 h5 45. Kb6 h4 46.
Qh1 h3 47. Kc6 Kh6 48. Qh2 Kh5 49. Qg1 Kh6 50. Qg5+ Kg7 51. Qh4 Re8 52. Kd7
R8e4 53. Qf2 Rd3+ 54. Kc6 Rc4+ 55. Kb5 Rc7 56. Qb2+ Kh7 57. Qf6 Rb3+ 58. Ka6
Rcb7 59. Qd8 R3b6+ 60. Ka5 Rb2 61. Ka6 h2 62. Qh4+ Kg7 63. Qh3 R2b6+ 64. Ka5
Rb3 0-1

[Event "13. Lichtenberger Sommer"]
[Site "?"]
[Date "2014.08.17"]
[Round "2.56"]
[White "Schulz, Hartmut"]
[Black "Hintze, Emanuel"]
[Result "1/2-1/2"]
[WhiteElo "2106"]
[BlackElo "1922"]
[PlyCount "36"]
[EventDate "2014.??.??"]
[WhiteTeam "SC Rotation Pankow e.V."]
[BlackTeam "SK Zehlendorf e.V."]

1. d4 Nf6 2. c4 g6 3. Nc3 Bg7 4. e4 d6 5. f3 O-O 6. Be3 Nbd7 7. Qd2 b6 8. Nge2
c5 9. d5 Ne5 10. Nc1 Nfd7 11. Be2 Ba6 12. b3 Nf6 13. Nd3 Nxd3+ 14. Bxd3 e6 15.
dxe6 fxe6 16. Rd1 Qc7 17. O-O Rad8 18. Bh6 Rd7 1/2-1/2

[Event "13. Lichtenberger Sommer"]
[Site "?"]
[Date "2014.08.17"]
[Round "2.57"]
[White "Zschäbitz, Klaus"]
[Black "Scholta, Danilo"]
[Result "1-0"]
[WhiteElo "2064"]
[BlackElo "1761"]
[PlyCount "95"]
[EventDate "2014.??.??"]
[WhiteTeam "BSG 1827 Eckbauer e.V."]
[BlackTeam "SV Empor Berlin e.V."]

1. Nf3 d5 2. g3 c6 3. Bg2 f5 4. b3 Nf6 5. O-O e6 6. c4 Bc5 7. Ba3 Bxa3 8. Nxa3
Qe7 9. Nc2 O-O 10. d4 Nbd7 11. Nce1 b6 12. Qc2 a5 13. cxd5 cxd5 14. Nd3 Ba6 15.
Rfc1 Rfc8 16. Qd1 Qa3 17. Nf4 Qe7 18. Rxc8+ Rxc8 19. Rc1 Nf8 20. h4 Qd7 21. Ne5
Rxc1 22. Qxc1 Qc8 23. Qxc8 Bxc8 24. f3 N8d7 25. Nxd7 Bxd7 26. Bf1 Bb5 27. Kf2
Kf7 28. Ng2 Nd7 29. Ne3 Nb8 30. a3 Nc6 31. Nc2 Kf6 32. Bg2 h6 33. e4 fxe4 34.
fxe4 dxe4 35. Bxe4 Ne7 36. Ne3 h5 37. Nc4 Bxc4 38. bxc4 Nf5 39. Bxf5 Kxf5 40.
Ke3 a4 41. Kd3 g6 42. c5 bxc5 43. dxc5 Kf6 44. Ke4 Kf7 45. Ke5 Ke7 46. c6 Kd8
47. Kxe6 Kc7 48. Kd5 1-0

[Event "13. Lichtenberger Sommer"]
[Site "?"]
[Date "2014.08.17"]
[Round "2.58"]
[White "Abraham, Helmut"]
[Black "Kollberg, Lothar"]
[Result "0-1"]
[WhiteElo "1553"]
[BlackElo "2138"]
[PlyCount "38"]
[EventDate "2014.??.??"]
[WhiteTeam "SC Kreuzberg e.V."]
[BlackTeam "SC Zugzwang 95 e.V."]

1. Nf3 Nf6 2. c4 g6 3. g3 Bg7 4. Nc3 O-O 5. Bg2 d6 6. d4 Nbd7 7. O-O e5 8. b3
exd4 9. Nxd4 Nc5 10. Bg5 h6 11. Bxf6 Qxf6 12. e3 c6 13. Rc1 a5 14. a3 Rd8 15.
Nce2 g5 16. f4 Qe7 17. Rc3 Bg4 18. Qc2 Bxe2 19. Qxe2 Bxd4 0-1

[Event "13. Lichtenberger Sommer"]
[Site "?"]
[Date "2014.08.17"]
[Round "2.59"]
[White "Witte, Ronald"]
[Black "Woinowski, Michael"]
[Result "1/2-1/2"]
[WhiteElo "2052"]
[BlackElo "1731"]
[PlyCount "40"]
[EventDate "2014.??.??"]
[WhiteTeam "BSV 63 Chemie Weißensee"]
[BlackTeam "SC Kreuzberg e.V."]

1. d4 d5 2. c4 e6 3. Nc3 c5 4. cxd5 exd5 5. Nf3 Nc6 6. e3 c4 7. Be2 Bb4 8. Bd2
Nf6 9. O-O O-O 10. b3 Bxc3 11. Bxc3 Ne4 12. Qe1 b5 13. a4 Nxc3 14. Qxc3 b4 15.
Qc2 c3 16. Bd3 f5 17. g3 a5 18. Bb5 Na7 19. Bd3 Nc6 20. Bb5 Na7 1/2-1/2

[Event "13. Lichtenberger Sommer"]
[Site "?"]
[Date "2014.08.17"]
[Round "2.60"]
[White "Steiner, Wolfram"]
[Black "Feyer, Leon"]
[Result "1-0"]
[WhiteElo "1995"]
[BlackElo "1660"]
[PlyCount "133"]
[EventDate "2014.??.??"]
[WhiteTeam "SG Lasker Steglitz-Wilmersdorf"]
[BlackTeam "SV Empor Berlin e.V."]

1. e4 e5 2. Nf3 Nc6 3. Bc4 Bc5 4. c3 Nf6 5. d3 O-O 6. Bb3 d5 7. exd5 Nxd5 8.
O-O Bg4 9. Re1 Qd6 10. Nbd2 Nf6 11. Nc4 Qe7 12. d4 Rad8 13. h3 Bh5 14. g4 Nxg4
15. hxg4 Bxg4 16. Bg5 Qxg5 17. Nxg5 Bxd1 18. dxc5 Bxb3 19. axb3 Rfe8 20. b4 a6
21. Rad1 f6 22. Nf3 Kf7 23. Nfd2 Rd7 24. Nb3 Red8 25. Rxd7+ Rxd7 26. Nba5 Nxa5
27. Nxa5 b6 28. cxb6 cxb6 29. Nb3 Rd3 30. Ra1 a5 31. bxa5 bxa5 32. Kf1 f5 33.
Ke2 e4 34. Rxa5 Kf6 35. Nd4 g6 36. f3 h5 37. fxe4 fxe4 38. Ra6+ Kg5 39. Ne6+
Kf5 40. Ng7+ Kg5 41. Ne6+ Kf5 42. Nd4+ Kg5 43. Ra5+ Kf6 44. Rc5 h4 45. Rc6+ Kg5
46. Ne6+ Kf5 47. Nc5 Rg3 48. Nxe4 Kxe4 49. Rc4+ Kd5 50. Rxh4 Rg2+ 51. Kd3 Rxb2
52. Rg4 Rh2 53. Rg5+ Kd6 54. Rxg6+ Kc5 55. Rg5+ Kc6 56. Kc4 Rb2 57. Rg6+ Kd7
58. Kc5 Rh2 59. Rg5 Rh6 60. c4 Rf6 61. Rg7+ Kc8 62. Kb5 Rf5+ 63. c5 Rf8 64. Kb6
Rd8 65. c6 Re8 66. Ra7 Kb8 67. c7+ 1-0

[Event "13. Lichtenberger Sommer"]
[Site "?"]
[Date "2014.08.17"]
[Round "2.61"]
[White "Mueller, Joerg"]
[Black "Tschirschwitz, Stephan"]
[Result "1/2-1/2"]
[WhiteElo "1850"]
[BlackElo "1604"]
[PlyCount "72"]
[EventDate "2014.??.??"]
[WhiteTeam "vereinslos"]
[BlackTeam "SG Lasker Steglitz-Wilmersdorf"]

1. e4 c5 2. Bc4 e6 3. Nf3 Nc6 4. c3 Be7 5. O-O Qc7 6. d3 Nf6 7. Bg5 d6 8. Nbd2
O-O 9. a3 a6 10. Ba2 b5 11. Rc1 a5 12. Re1 Nh5 13. Bxe7 Qxe7 14. Nf1 Nf4 15.
Qd2 e5 16. Ng3 g6 17. Ne2 Nxe2+ 18. Qxe2 Be6 19. Bd5 Bxd5 20. exd5 Na7 21. d4
f6 22. dxc5 dxc5 23. c4 b4 24. a4 Nc8 25. b3 Nd6 26. Nd2 Rac8 27. Ne4 Nxe4 28.
Qxe4 Qd6 29. f4 Rfe8 30. f5 g5 31. Re3 Kg7 32. Rg3 h6 33. Rf1 Rh8 34. Rff3 Kf7
35. h4 Rcg8 36. h5 Rc8 1/2-1/2

[Event "13. Lichtenberger Sommer"]
[Site "?"]
[Date "2014.08.17"]
[Round "2.62"]
[White "Reiser, Ralf"]
[Black "Stein, Siegfried"]
[Result "1/2-1/2"]
[WhiteElo "1755"]
[BlackElo "1819"]
[PlyCount "57"]
[EventDate "2014.??.??"]
[WhiteTeam "Schachunion Berlin e.V."]
[BlackTeam "SV Berolina Mitte e.V."]

1. e4 c5 2. Nf3 Nc6 3. d4 cxd4 4. Nxd4 Nf6 5. Nc3 e5 6. Ndb5 d6 7. Bg5 a6 8.
Na3 b5 9. Nd5 Be7 10. Bxf6 Bxf6 11. c4 b4 12. Nc2 a5 13. b3 Bg5 14. Be2 O-O 15.
O-O Kh8 16. f4 exf4 17. Nxf4 Ne5 18. Nd5 f5 19. exf5 Bxf5 20. Nd4 Bd7 21. Nf3
Bf6 22. Nxf6 Qxf6 23. Nxe5 Qxe5 24. Bf3 Qc5+ 25. Kh1 Bc6 26. Qd3 Bxf3 27. Rxf3
Qe5 28. Raf1 Kg8 29. Kg1 1/2-1/2

[Event "13. Lichtenberger Sommer"]
[Site "?"]
[Date "2014.08.17"]
[Round "2.63"]
[White "Tscheuschner, Georg"]
[Black "Home, Marcus"]
[Result "1-0"]
[WhiteElo "1967"]
[BlackElo "1307"]
[PlyCount "95"]
[EventDate "2014.??.??"]
[WhiteTeam "SV Mattnetz Berlin e.V."]
[BlackTeam "1. Schachclub Anhalt"]

1. c4 e6 2. Nc3 Nf6 3. Nf3 d5 4. cxd5 exd5 5. d4 c6 6. Bg5 Nbd7 7. e3 Be7 8.
Bd3 O-O 9. Qc2 Re8 10. O-O Nf8 11. Bxf6 Bxf6 12. b4 a6 13. a4 Ng6 14. Rfc1 Bg4
15. Ne1 Bh4 16. b5 axb5 17. axb5 Qf6 18. bxc6 bxc6 19. g3 Bh3 20. gxh4 Nxh4 21.
f4 g5 22. Qf2 Rxa1 23. Rxa1 Qe6 24. fxg5 Qg4+ 25. Qg3 Rxe3 26. Qxg4 Bxg4 27.
Kf2 Rh3 28. Kg1 Re3 29. Rc1 Nf3+ 30. Kf2 Rxe1 31. Rxe1 Nxe1 32. Kxe1 Kg7 33.
Kf2 h5 34. h4 f6 35. gxf6+ Kxf6 36. Na4 Ke6 37. Nc5+ Kf6 38. Ke3 Ke7 39. Bg6
Kd6 40. Kf4 Kc7 41. Kg5 Kb6 42. Bxh5 Bxh5 43. Kxh5 Kb5 44. Kg5 Kc4 45. Ne6 c5
46. dxc5 d4 47. Nxd4 Kxd4 48. c6 1-0

[Event "13. Lichtenberger Sommer"]
[Site "?"]
[Date "2014.08.17"]
[Round "2.64"]
[White "Casny, Guenter"]
[Black "Kapp, Martin"]
[Result "0-1"]
[WhiteElo "1854"]
[BlackElo "2201"]
[PlyCount "100"]
[EventDate "2014.??.??"]
[WhiteTeam "SC Rochade e.V."]
[BlackTeam "Schachverein Erzgebirge Stollber"]

1. e4 e6 2. d3 d5 3. Nd2 Nf6 4. e5 Nfd7 5. Ndf3 c5 6. Ne2 Nc6 7. Bf4 Qc7 8. d4
cxd4 9. Nexd4 a6 10. Nxc6 bxc6 11. Bd3 Rb8 12. Qc1 Nc5 13. O-O h6 14. b3 g5 15.
Bg3 Bb7 16. Re1 Be7 17. h3 Ba8 18. Qd2 Qa7 19. c3 Nxd3 20. Qxd3 c5 21. Nd2 Qb7
22. f3 Qb5 23. c4 Qb4 24. Re2 Rd8 25. Qc2 h5 26. a3 Qa5 27. a4 g4 28. Be1 gxh3
29. gxh3 Qc7 30. Bg3 Rg8 31. Kf2 d4 32. Qd3 f5 33. Rg1 Qb7 34. Ree1 Kd7 35. Ke2
Rg6 36. Bh2 Rdg8 37. Rxg6 Rxg6 38. Rg1 Rxg1 39. Bxg1 Bg5 40. Nf1 Bf4 41. Bh2
Bxh2 42. Nxh2 Qb8 43. f4 Qg8 44. Nf1 Qg2+ 45. Ke1 h4 46. b4 Be4 47. Qd1 Qxh3
48. Qh5 Qc3+ 49. Nd2 Qc1+ 50. Ke2 d3+ 0-1

[Event "13. Lichtenberger Sommer"]
[Site "?"]
[Date "2014.08.17"]
[Round "2.65"]
[White "Engelhardt, Erhard"]
[Black "Khorolskyi, Borys"]
[Result "1-0"]
[WhiteElo "1799"]
[BlackElo "1879"]
[PlyCount "217"]
[EventDate "2014.??.??"]
[WhiteTeam "SSV Rotation Berlin e.V."]
[BlackTeam "vereinslos"]

1. f4 e5 2. fxe5 d6 3. exd6 Bxd6 4. Nf3 g5 5. g3 g4 6. Nh4 f5 7. d4 f4 8. Qd3
Qf6 9. Qe4+ Ne7 10. Bxf4 O-O 11. e3 Bxf4 12. Bc4+ Kg7 13. exf4 Nbc6 14. c3 Nf5
15. Bd3 Bd7 16. O-O Rae8 17. Nxf5+ Bxf5 18. Qxf5 Qxf5 19. Bxf5 Rxf5 20. Kf2 Rh5
21. Rh1 Ne7 22. Nd2 Nf5 23. Nf1 Nd6 24. Re1 Ne4+ 25. Kg2 Rb5 26. Re2 Kf7 27.
Ne3 h5 28. Rhe1 Nd6 29. Nd1 Rxe2+ 30. Rxe2 Ra5 31. a3 Nc4 32. Kf2 Rb5 33. Rc2
a5 34. Ke2 Rb6 35. Kd3 Nd6 36. Re2 a4 37. Re5 Rb5 38. Rxb5 Nxb5 39. c4 Nd6 40.
Nc3 Nf5 41. Ne4 b6 42. d5 Ke7 43. Kc3 Ne3 44. Nd2 Nd1+ 45. Kc2 Ne3+ 46. Kd3 Nf5
47. Ke4 Kf6 48. Nf1 Nd6+ 49. Kd3 Nb7 50. Kd4 Nc5 51. Ne3 Nb3+ 52. Kc3 Nc5 53.
Nc2 Ne4+ 54. Kd3 Nc5+ 55. Ke3 Nb7 56. Nd4 Ke7 57. Nb5 Kd7 58. Nc3 Nc5 59. Ne4
Nb7 60. Nf6+ Ke7 61. Ne4 Na5 62. Kd4 Kf7 63. Ng5+ Ke7 64. Kc3 Nb7 65. Ne6 Kd7
66. Ng7 Nd6 67. Nxh5 Ke7 68. f5 Nxf5 69. Nf4 Ne3 70. h4 gxh3 71. Nxh3 Kf6 72.
Nf2 Ke5 73. Kd3 Nf1 74. g4 Kf4 75. g5 Kxg5 76. Ne4+ Kf5 77. Nc3 Ke5 78. Nxa4 b5
79. cxb5 Kxd5 80. b4 Ng3 81. Nc3+ Ke6 82. a4 Nf5 83. a5 Nd6 84. a6 Nc8 85. Kd4
Kd6 86. Ne4+ Kd7 87. Kc5 Nb6 88. Nc3 Kc8 89. Nd5 Nd7+ 90. Kd4 Kb8 91. Ke4 Kc8
92. Kf5 Kb8 93. Ke6 Nf8+ 94. Ke7 Ng6+ 95. Kd8 Ne5 96. Nxc7 Nc4 97. Nd5 Ka7 98.
Kc7 Na3 99. Kc6 Nc4 100. Ne7 Nb6 101. Nd5 Nc4 102. Kc7 Nb6 103. Ne7 Na8+ 104.
Kc6 Nb6 105. Nf5 Nc4 106. Nd6 Ne5+ 107. Kc7 Nd3 108. b6+ Kxa6 109. b7 1-0

[Event "13. Lichtenberger Sommer"]
[Site "?"]
[Date "2014.08.17"]
[Round "2.66"]
[White "Dietzel, Uwe"]
[Black "Duijker, Bert"]
[Result "1/2-1/2"]
[WhiteElo "1705"]
[BlackElo "1926"]
[PlyCount "122"]
[EventDate "2014.??.??"]
[WhiteTeam "TSV Lichtentanne SAbt"]
[BlackTeam "Bennekomse S.V."]

1. d4 g6 2. Nf3 Bg7 3. c3 d6 4. h3 Nf6 5. Bf4 O-O 6. Nbd2 c5 7. e3 a6 8. a4 b6
9. Bd3 Bb7 10. Qe2 Re8 11. O-O cxd4 12. exd4 Nc6 13. Rfe1 Qc7 14. Bh2 Bh6 15.
Ne4 Nxe4 16. Bxe4 e6 17. Bd3 Bg7 18. Nd2 e5 19. d5 Ne7 20. c4 f5 21. f3 Bf6 22.
Rab1 Kg7 23. Kh1 Bc8 24. g4 Bd7 25. b3 Kh8 26. Qe3 Bh4 27. Rec1 Qc5 28. Bg1
Qxe3 29. Bxe3 Rab8 30. Kg2 Kg7 31. Rf1 b5 32. axb5 axb5 33. Rfc1 b4 34. Ra1 Ra8
35. Nf1 h6 36. Bd2 Bg5 37. Ne3 Ra3 38. Kf2 Rxb3 39. Ke2 Bxe3 40. Bxe3 Ra3 41.
Rxa3 bxa3 42. Ra1 Ra8 43. Bc1 a2 44. Bc2 fxg4 45. hxg4 h5 46. gxh5 gxh5 47. Bb3
Nf5 48. Kd2 h4 49. Bb2 Rb8 50. Kc3 Nd4 51. Bc2 Nxf3 52. Rxa2 Kf6 53. Ra6 h3 54.
Rxd6+ Ke7 55. Rh6 Rg8 56. d6+ Kf7 57. Be4 Ng5 58. Bd5+ Kg7 59. Rh4 Rf8 60. Bc1
Nf3 61. Bh6+ Kh8 1/2-1/2

[Event "13. Lichtenberger Sommer"]
[Site "?"]
[Date "2014.08.17"]
[Round "2.67"]
[White "Dinslage, Klaus-Dieter"]
[Black "Osten, David"]
[Result "0-1"]
[WhiteElo "1721"]
[BlackElo "1733"]
[PlyCount "64"]
[EventDate "2014.??.??"]
[WhiteTeam "Bahn-Schachclub Wuppertal"]
[BlackTeam "SF Friedrichshagen"]

1. e4 e6 2. d4 d5 3. exd5 exd5 4. Bd3 Nf6 5. Nf3 c5 6. dxc5 Bxc5 7. O-O O-O 8.
h3 Ne4 9. c3 Nc6 10. b4 Bxb4 11. cxb4 Qf6 12. b5 Nb4 13. Bxe4 dxe4 14. Nd4 Nd3
15. Be3 Qg6 16. Kh2 f5 17. f4 exf3 18. Rxf3 Qd6+ 19. Kh1 Ne5 20. Qb3+ Kh8 21.
Rf1 f4 22. Qa3 Qd8 23. Rxf4 Rxf4 24. Bxf4 Ng6 25. Qd6 Qh4 26. Bg3 Qg5 27. Nf3
Qc1+ 28. Kh2 Bf5 29. Qd2 Qf1 30. a4 Re8 31. Qb2 Re2 32. Nc3 Qxg2# 0-1

[Event "13. Lichtenberger Sommer"]
[Site "?"]
[Date "2014.08.17"]
[Round "2.68"]
[White "Brüning, Wolfgang"]
[Black "Kasper, Peter"]
[Result "1-0"]
[WhiteElo "1893"]
[BlackElo "1764"]
[PlyCount "29"]
[EventDate "2014.??.??"]
[WhiteTeam "Queer-Springer SSV Berlin"]
[BlackTeam "SG Eckturm"]

1. c4 e6 2. g3 d5 3. Bg2 Nf6 4. d4 Be7 5. Nf3 O-O 6. O-O b6 7. Ne5 Bb7 8. Nc3
Nbd7 9. Bf4 Nh5 10. cxd5 Nxf4 11. gxf4 Nxe5 12. dxe5 Qc8 13. Rc1 exd5 14. Nxd5
Bc5 15. Rxc5 1-0

[Event "13. Lichtenberger Sommer"]
[Site "?"]
[Date "2014.08.17"]
[Round "2.69"]
[White "Aizpurua Zufiria, Inaki"]
[Black "Alcer, Fabian"]
[Result "0-1"]
[WhiteElo "1545"]
[BlackElo "1760"]
[PlyCount "60"]
[EventDate "2014.??.??"]
[WhiteTeam "Gros Xake Taldea"]
[BlackTeam "SV Empor Berlin e.V."]

1. e4 e5 2. Nf3 Nc6 3. d4 exd4 4. Nxd4 Nf6 5. Nc3 Bb4 6. Nxc6 bxc6 7. Bd3 d5 8.
O-O Bxc3 9. bxc3 dxe4 10. Qe2 O-O 11. Bc4 Bf5 12. Bb2 Qe7 13. Bb3 Rfe8 14. Rad1
Bg4 15. f3 exf3 16. Qxe7 Rxe7 17. gxf3 Bh5 18. Rf2 Rae8 19. Rfd2 Re3 20. Kg2
Bg6 21. Ba4 Rb8 22. Bb3 h6 23. c4 Nh5 24. Bd4 Re6 25. Bxa7 Rbe8 26. Bd4 Nf4+
27. Kf2 Re2+ 28. Rxe2 Rxe2+ 29. Kg3 Nh5+ 30. Kh3 Bf5+ 0-1

[Event "13. Lichtenberger Sommer"]
[Site "?"]
[Date "2014.08.17"]
[Round "2.70"]
[White "Pöcheim, Stephan"]
[Black "Kapp, Frank"]
[Result "0-1"]
[WhiteElo "1530"]
[BlackElo "1910"]
[PlyCount "72"]
[EventDate "2014.??.??"]
[WhiteTeam "Sfrd. Berlin 1903 e.V."]
[BlackTeam "TSV IFA Chemnitz"]

1. d4 e6 2. e4 d5 3. Nc3 Nf6 4. Bg5 Bb4 5. e5 h6 6. Bd2 Bxc3 7. bxc3 Ne4 8. Bd3
Nxd2 9. Qxd2 c5 10. Bb5+ Bd7 11. Bxd7+ Nxd7 12. Ne2 Qa5 13. O-O cxd4 14. Qxd4
Qc7 15. f4 O-O 16. Kh1 a6 17. g4 Rac8 18. Rf3 Qc4 19. Qe3 Nc5 20. g5 h5 21. Ng3
g6 22. Nxh5 gxh5 23. Rh3 Qe4+ 24. Qxe4 Nxe4 25. Rxh5 Rxc3 26. Rg1 Rxc2 27. Rg2
Rfc8 28. Rxc2 Rxc2 29. Kg1 Rxa2 30. Rh3 Rf2 31. Rb3 b5 32. Ra3 b4 33. Rxa6 b3
34. Ra8+ Kg7 35. Rb8 b2 36. h4 Rc2 0-1

[Event "13. Lichtenberger Sommer"]
[Site "?"]
[Date "2014.08.17"]
[Round "2.71"]
[White "Getzuhn, Detlef"]
[Black "Krawatzki, Armin"]
[Result "1-0"]
[WhiteElo "1896"]
[BlackElo "1689"]
[PlyCount "65"]
[EventDate "2014.??.??"]
[WhiteTeam "SV Senat"]
[BlackTeam "SVG Läufer Reinickendorf e.V."]

1. e4 e6 2. d3 d5 3. Nd2 c5 4. g3 Nc6 5. Bg2 Nf6 6. Ngf3 Be7 7. O-O O-O 8. Re1
b5 9. a4 b4 10. c4 Bb7 11. exd5 exd5 12. Ne5 Nxe5 13. Rxe5 Bd6 14. Re1 Qc7 15.
cxd5 Bxd5 16. Bxd5 Nxd5 17. Nc4 Rfe8 18. Be3 Nxe3 19. Rxe3 Rxe3 20. fxe3 Re8
21. Qf3 Be5 22. Rf1 Bf6 23. Qd5 Rd8 24. Qf5 Qd7 25. Qxd7 Rxd7 26. Rd1 Kf8 27.
Kf2 h5 28. Ke2 Ke7 29. Rf1 Ke6 30. Rf4 Be5 31. Re4 Rd5 32. d4 cxd4 33. exd4 1-0

[Event "13. Lichtenberger Sommer"]
[Site "?"]
[Date "2014.08.17"]
[Round "2.72"]
[White "Windolf, Mario"]
[Black "Schweitzer, Paul"]
[Result "1-0"]
[WhiteElo "1772"]
[BlackElo "1712"]
[PlyCount "65"]
[EventDate "2014.??.??"]
[WhiteTeam "1. Schachclub Anhalt"]
[BlackTeam "SV Königsjäger Süd-West e.V."]

1. Nf3 e6 2. g3 c5 3. Bg2 Nc6 4. O-O Nf6 5. d4 d5 6. c3 c4 7. Nbd2 Be7 8. Re1
h5 9. e4 O-O 10. h4 b5 11. a3 Rb8 12. Qc2 Ng4 13. Nf1 a5 14. Bf4 Rb6 15. N1h2
b4 16. axb4 axb4 17. Nxg4 hxg4 18. Ne5 g5 19. hxg5 Bxg5 20. Bxg5 Qxg5 21. exd5
Nxe5 22. Rxe5 f5 23. dxe6 bxc3 24. bxc3 Qf6 25. e7 Re8 26. Ra8 Rc6 27. Qa4 Qh6
28. Qxc6 Qc1+ 29. Bf1 Kf7 30. Qxc4+ Kf6 31. Rxc8 f4 32. Qe6+ Kg7 33. Rg5+ 1-0

[Event "13. Lichtenberger Sommer"]
[Site "?"]
[Date "2014.08.17"]
[Round "2.73"]
[White "Koerber, Bernhard"]
[Black "Schleicher, Janek"]
[Result "0-1"]
[WhiteElo "1640"]
[BlackElo "2031"]
[PlyCount "54"]
[EventDate "2014.??.??"]
[WhiteTeam "SG Lasker Steglitz-Wilmersdorf"]
[BlackTeam "SV Blau-Weiß Bürgel"]

1. e4 c5 2. Nc3 a6 3. f4 b5 4. Nf3 Bb7 5. d3 Nf6 6. Be2 Qc7 7. O-O g6 8. Qe1
Bg7 9. Rb1 O-O 10. Qh4 b4 11. Na4 d6 12. f5 Nbd7 13. Bh6 d5 14. Bxg7 Kxg7 15.
Ng5 h6 16. Ne6+ fxe6 17. fxg6 dxe4 18. Rf2 Bc6 19. b3 Bxa4 20. bxa4 Qc6 21.
Rbf1 Qxa4 22. dxe4 Qxa2 23. g4 e5 24. g5 hxg5 25. Qxg5 Qe6 26. Rf5 Nxe4 27. Qh5
Qxg6+ 0-1

[Event "13. Lichtenberger Sommer"]
[Site "?"]
[Date "2014.08.17"]
[Round "2.74"]
[White "Küchler, Felix"]
[Black "Hommel, Niclas"]
[Result "1-0"]
[WhiteElo "1735"]
[BlackElo "1575"]
[PlyCount "35"]
[EventDate "2014.??.??"]
[WhiteTeam "Schachunion Berlin e.V."]
[BlackTeam "Schachunion Berlin e.V."]

1. e4 e5 2. Nf3 Nc6 3. d4 exd4 4. Bc4 h6 5. O-O Bc5 6. Nbd2 Nge7 7. Nb3 Bb6 8.
Nbxd4 Nxd4 9. Nxd4 O-O 10. Kh1 c6 11. Bb3 Bc7 12. f4 b5 13. f5 d6 14. f6 Ng6
15. fxg7 Kxg7 16. Qh5 Qh4 17. Bxh6+ Kg8 18. Qxg6+ 1-0